Loading...
| History - American | 0 | 4 | 0 | 1 | 40 | 65 | 103.00 | 0 | 1 | 6.11 | 20.22 |
| Literature - American | 0 | 2 | 0 | 0 | 20 | 113 | 113.00 | 0 | 1 | 4.00 | 11.89 |
| Fine Arts - Painting and Sculpture | 0 | 2 | 0 | 0 | 20 | 80 | 84.50 | 0 | 1 | 6.23 | 9.21 |
| Religion | 0 | 2 | 0 | 2 | 20 | 125 | 129.50 | 0 | 0 | 0.00 | 3.61 |
| Social Science | 0 | 1 | 0 | 1 | 10 | 120 | 120.00 | 0 | 0 | 0.00 | 0.76 |
| Geography | 0 | 1 | 0 | 0 | 10 | 103 | 103.00 | 0 | 0 | 5.65 | 11.11 |
| History - World | 0 | 1 | 0 | 0 | 10 | 96 | 96.00 | 0 | 0 | 1.69 | 3.79 |
| Mythology | 0 | 1 | 0 | 1 | 10 | 104 | 104.00 | 0 | 0 | 1.53 | 1.40 |
| Science - Other | 0 | 1 | 0 | 1 | 10 | 106 | 106.00 | 0 | 0 | 0.00 | 0.70 |
| Fine Arts - Classical Music | 0 | 1 | 0 | 0 | 10 | 61 | 61.00 | 1 | 1 | 4.51 | 9.09 |
| History - Other | 0 | 1 | 1 | 0 | 5 | 73 | 73.00 | 0 | 1 | 3.99 | 8.33 |
| Fine Arts - Other | 0 | 0 | 0 | 0 | 0 | 0.00 | 0 | 0 | 0.00 | 0.00 | |
| Philosophy | 0 | 0 | 0 | 0 | 0 | 0.00 | 0 | 0 | 0.00 | 0.00 |